00730 2200277 4500001002100000005001500021035002000036007000300056040001200059100002800071245005500099250001100154300003200165041000800197082000800205084001400213090001800227264003300245336002100278337003000299338002300329650002300352850001000375008004100385990002600426INLIS00000000000675620260411075946 a0010-0622000091ta aSBPUPAD0 aWitheringtonePengarang1 aTeknik-Teknik Belajar Dan Mengajar /cWitherington a.-Ed.1 a176 hlm. :billus. ;c23 cm0 aind a373 a373 WIT t a373 WIT t 9-9 a.--Bandung :bJemmars,c1982 2rdacontentaTeks 2rdamediaaTanpa Perantara 2rdacarrieravolume 4aMedia Pembelajaran aPUPAD260411 0  a18036/S/KAPD/PDG/2013